000 00623nam a22001697a 4500
003 OSt
005 20171010095526.0
008 121003t xxu||||| |||| 00| 0 eng d
040 _aMMSU
_cULS
100 _aCabanatan, Karen Kay G.
_912998
245 _aAbsorption efficiency of duckweed (Lemna sp) to some insecticide residues
_cKaren Kay G. Cabanatan
260 _c2008
300 _a[xii], 34 leaves
_c28 cm.
500 _aThesis (BS Environmental Science) -- Mariano Marcos State University-College of Agriculture, Food and Sustainable Development, Batac City
504 _aBibliography: leaf 26
942 _2ddc
_cTHEDIS
999 _c9790
_d9790